000 00213nam a2200085Ia 4500
008 180219s9999 xx 000 0 und d
100 _aSoni Romila
245 0 _aEarly Childhood Education An Introducation
260 _aN.C.E.R.T
260 _c2008
999 _c42726
_d42726